Medzinárodná vedecká konferencia sociokultúrne paralely v globalizovanom svete
Informácia o konaní, zámeroch a cieľoch vedeckej konferencie, ktorá sa uskutočnila 25. apríla 2012 v priestoroch FAJ EU BA.
Enregistré dans:
| Auteur principal: | |
|---|---|
| Format: | Chapitre de livre |
| Langue: | slovaque |
| Sujets: | |
| Tags: |
Pas de tags, Soyez le premier à ajouter un tag!
|
MARC
| LEADER | 00000naa a2200000 4500 | ||
|---|---|---|---|
| 001 | 0159748 | ||
| 005 | 20240502072752.8 | ||
| 041 | 0 | |a slo | |
| 044 | |a SK | ||
| 245 | 1 | 0 | |a Medzinárodná vedecká konferencia sociokultúrne paralely v globalizovanom svete |c Katarína Strelková |
| 520 | |a Informácia o konaní, zámeroch a cieľoch vedeckej konferencie, ktorá sa uskutočnila 25. apríla 2012 v priestoroch FAJ EU BA. | ||
| 610 | 2 | 0 | |a jazyky cudzie |
| 610 | 2 | 0 | |a konferencie |
| 610 | 2 | 0 | |a kultúra |
| 610 | 2 | 0 | |a komunikácia multikultúrna |
| 100 | 1 | |a Strelková, Katarína | |